Can You Name Every Song Sung in the Greys Anatomy Musical Episode? - Statistics

General Stats
  • This quiz has been taken 26 times
  • The average score is 5 of 9
Answer Stats
Singer Character that Sings it Song % Correct
Snow Patrol Callie, Owen, Miranda Chasing Cars
86%
The Fray Whole Cast How to Save a Life
86%
Anna Nalick Lexie Breathe
68%
Brandi Carlile Callie The Story
68%
Jesus Jackson Whole Cast Running on Sunshine
50%
KT Tunstall Callie and Arizona Universe & U
41%
Gomez Owen How We Operate
36%
Kate Havnevik Callie Grace
32%
Get Set Go Miranda, Lexie, April Wait
32%
No matching quizzes found
Score Distribution
Percent of People with Each Score
Percentile by Number Answered
Your Score History
You have not taken this quiz